Gerencia hospitalaria. Para una administración efectiva.

保存先:
書誌詳細
第一著者: Magalon Londoño, Gustavo (autor)
その他の著者: Pontón Laverde, Gabriel (autor), Reynales Londoño, Jairo (autor)
フォーマット: 不明
言語:英語
出版事項: Bogotá, Colombia: Médica Panamericana, 2016
版:4.ª edición.
主題:
タグ: タグ追加
タグなし, このレコードへの初めてのタグを付けませんか!

MARC

LEADER 00000 a2200000 4500
003 CL-VaPUC
005 20231215184306.0
008 220301b2016 ||||| |||| 00| 0 eng d
999 |c 434599  |d 434597 
020 |a 9789588443683 
040 |c Pontificia Universidad Católica de Valparaíso 
082 |a 362.11 MAL 2016  |2 22 
100 1 |a Magalon Londoño, Gustavo  |9 866700  |e autor 
245 |a Gerencia hospitalaria.   |b Para una administración efectiva. 
250 |a 4.ª edición. 
260 |a Bogotá, Colombia:  |b Médica Panamericana,  |c 2016 
300 |a 688 páginas 
583 |k Cristina María Rojas Aguilar  |c 20220301 
650 |a Administración hospitalaria  |9 866930 
650 0 |a Servicios de salud  |9 312751 
650 0 |a Hospitales   |x Control de calidad   |9 335788 
700 |a Pontón Laverde, Gabriel  |e autor  |9 866819 
700 |a Reynales Londoño, Jairo  |e autor  |9 866820 
942 |2 ddc  |c BK 
952 |0 0  |1 0  |2 ddc  |4 0  |6 362_110000000000000_MAL_2016  |7 0  |8 A  |9 581535  |a BIBCUR  |b BIBCUR  |c GEN  |d 2022-02-28  |e 3  |g 83820.00  |i 5648025  |l 2  |o 362.11 MAL 2016  |p 5648025  |r 2025-04-22  |s 2022-07-27  |t 2  |v 83820.00  |w 2022-02-28  |y BK  |k KIN 
952 |0 0  |1 0  |2 ddc  |4 0  |6 362_110000000000000_MAL_2016  |7 0  |8 A  |9 581536  |a BIBCUR  |b BIBCUR  |c GEN  |d 2022-02-28  |e 3  |g 83820.00  |i 5648017  |l 3  |o 362.11 MAL 2016  |p 5648017  |r 2025-04-22  |s 2022-05-27  |t 1  |v 83820.00  |w 2022-02-28  |y BK  |k KIN